000 00457nam a22001817a 4500
003 MPLRDC
005 20220104142720.0
008 210129b ||||| |||| 00| 0 eng d
020 _a978-7-5155-0678-4
082 _a857.75 CXZ v.1
100 _a沉筱之
245 _a公子无色 (上)
_c
250 _a一版一刷
260 _a中国
_b金城出版社
_c2013
300 _b276
650 _a中国文学--长篇小说
942 _cBK
_o857.75 CXZ v.1
999 _c33128
_d33118